000 00619nam a2200205 4500
003 OSt
005 20240627061845.0
006 a
008 240627b |||||||| |||| 00| 0 eng d
020 _a9789719217473
040 _aDWCL-Main lib.
_cOC
082 _aFil. 613.9 P552 2006
110 _aDepartment of Health
245 _aThe Philippine clinical standards manual on family planning /
260 _aManila :
_bDepartment of Health,
_cc2006.
300 _axviii,
_b201 p. : ill. ;
_c28 cm.
504 _aIncludes bibliographical references.
650 _a1. Birth Control.
942 _2ddc
_n0
_cBK - FIL
_kFil.
999 _c1500
_d1500